000 01418nam a22003977a 4500
003 CHAP
005 20260217120534.0
008 971013s1975 r 00010 d
010 _a23353
011 _a24325
035 _a28424
040 _cCHAP
090 _aTesis
100 1 0 _aChávez Franco, Luciano
_922702
245 _aProgramación de la agricultura en un contexto estocástico
_b: un caso de estudio en la zona agrícola de Nayarit
260 _aChapingo, Méx. :
_bEl autor,
_c1975
300 _a81 h.
_b; gráfs
502 _aTesis (M.C. Esp. en Economía Agrícola) -- ENA. Centro de Economía Agrícola
590 _aALEPH
_b10
_c20130110
_lUCH01
_h1247
590 _aBATCH-UPD
_b10
_c20130110
_lUCH01
_h1948
590 _aBATCH-UPD
_b10
_c20130410
_lUCH01
_h1310
590 _aBATCH-UPD
_b10
_c20130914
_lUCH01
_h0928
590 _aCONVERSION
_b10
_c20130109
_lUCH01
_h1314
650 1 4 _aAgricultura
_xAspectos economicos
_xNayarit.
_91275
650 1 4 _aAgricultura
_xNayarit.
_91748
650 1 4 _aEstocástica.
_938336
650 1 4 _aProgramación lineal.
_992371
901 _aBK
942 _cFOLL
949 _bBC
_cTES
_d-65592
_eTS1
_i28424
_si
949 _bBC
_cTES
_d-65593
_eTS2
_fc.2
_i28424
_si
949 _bBC
_cTES
_d-65594
_eTS2
_fc.3
_i28424
_si
949 _bBC
_cTES
_d-65595
_eTS2
_fc.4
_i28424
_si
949 _bBC
_cTES
_d-65596
_eTS2
_fc.5
_i28424
_si
949 _bBC
_cTES
_d-65597
_eTS2
_fc.6
_i28424
_si
999 _c23353
_d23353